Carta, con fecha 22 de Mayo de 1929, para el muy respetado y querido Sr. Ulano
Síntesis: Carta que envia Miguel Palomar y Vizcarra, a Carlos T. de Landeros, para decirle que van a escribir nuevamente a la Sociedad de naciones, para que habra una averiguación sobre la protesta que ellos hicieron en contra del gobierno de México por los atropellos que según Miguel Palomar sufrie...
-д хадгалсан:
| Үндсэн зохиолч: | |
|---|---|
| Формат: | Ном |
| Нөхцлүүд: | |
| Шошгууд: |
Шошго байхгүй, Энэхүү баримтыг шошголох эхний хүн болох!
|
MARC
| LEADER | 00000nam^a2200000^a^4500 | ||
|---|---|---|---|
| 001 | 000250639 | ||
| 005 | 20250526000000.0 | ||
| 009 | 20260310105818.23 | ||
| 035 | |a R01640 | ||
| 037 | |a Acervo Xavier Clavigero | ||
| 082 | |a 21. 2 |b PAL V. LIBRO 10 DOC 35/59 | ||
| 100 | |a Palomar y Vizcarra, Miguel, Lic. Vicepresidente de la Lndlr. |e (autor) | ||
| 245 | 1 | 0 | |a Carta, con fecha 22 de Mayo de 1929, para el muy respetado y querido Sr. Ulano |
| 264 | |a México. : |b Destinatario: Landeros, Carlos T. de, |c 1929 | ||
| 300 | |a 2 fojas, mcs/cop, 21.5X28 | ||
| 336 | |a texto |b txt |2 rdacontenido | ||
| 337 | |a sin mediación |b n |2 rdamedio | ||
| 338 | |a volumen |b nc |2 rdasoporte | ||
| 520 | |a Síntesis: Carta que envia Miguel Palomar y Vizcarra, a Carlos T. de Landeros, para decirle que van a escribir nuevamente a la Sociedad de naciones, para que habra una averiguación sobre la protesta que ellos hicieron en contra del gobierno de México por los atropellos que según Miguel Palomar sufrieron unas Jovenes Catolicas. También en esta carta le informa del boycot que se piensa realizar a los productos norteamericanos. | ||
| 598 | |a Carta | ||
| 598 | |a En la biblioteca del ILFC, Guadalajara, Jal. | ||
| 598 | |a Lugares que cita el documento: México | ||
| 598 | |a Fechas que cita el documento: 1947/Julio/5 | ||
| 649 | |a XX | ||
| 650 | |a * Palomar y Vizcarra, Miguel - |x Correspondencia, memorias, etc | ||
| 650 | |a Administración Pública | ||
| 650 | |a Derechos Humanos | ||
| 650 | |a * Landeros, Carlos | ||
| 650 | |a * Manríquez y Zárate, José de Jesús | ||
| 650 | |a García Naranjo, Nemesio | ||
| 650 | |a * Wilson, Thomas Woodrow | ||
| 910 | |a Fondo Jesús Gómez Fregoso S.J. FXC | ||
| 920 | |a Impresos - Documentos | ||
| 930 | |a Libros Antiguos y Raros | ||
| 940 | |a Guerra Cristera | ||
| 905 | |a 110 | ||
| 901 | |a R01640 |b IT2 |c LRA |i R01640 |u 20250526 | ||
| 902 | |a https://opac.biblio.iteso.mx/vufind/Record/000250639 | ||